Geoff Brewer considers global claims (Record no. 68752)

MARC details
000 -LEADER
fixed length control field 01221cam a2200253 4500
001 - CONTROL NUMBER
control field ABS64619
008 - FIXED-LENGTH DATA ELEMENTS--GENERAL INFORMATION
fixed length control field 011101n2001 000 0 eng u
035 ## - SYSTEM CONTROL NUMBER
System control number (Sirsi) u115441
100 ## - MAIN ENTRY--PERSONAL NAME
Personal name Brewer, G
245 ## - TITLE STATEMENT
Title Geoff Brewer considers global claims
260 ## - PUBLICATION, DISTRIBUTION, ETC.
Date of publication, distribution, etc. 2001
490 ## - SERIES STATEMENT
Series statement Contract Journal
Volume/sequential designation 410(6349) 17 October 2001, 26(1)
520 ## - SUMMARY, ETC.
Summary, etc. Considers the acceptance of global claims for delay and loss and/or expense with reference to "Mid-Glamorgan CC v J Devonald Williams". Illustrates that global claims guidance has not changed significantly since "Wharf Properties Ltd v Eric Cumine Associates" (1991), and highlights that while it is usually a requirement to prove the link between claim events and their impact on delay and disruption, the financial effects can occasionally be presented upon a global basis.
590 ## - LOCAL NOTE (RLIN)
Local note ABS
650 ## - SUBJECT ADDED ENTRY--TOPICAL TERM
Topical term or geographic name entry element GLOBAL CLAIMS
650 ## - SUBJECT ADDED ENTRY--TOPICAL TERM
Topical term or geographic name entry element CONTRACT CLAIMS
650 ## - SUBJECT ADDED ENTRY--TOPICAL TERM
Topical term or geographic name entry element MID-GLAMORGAN CC V J DEVONALD WILLIAMS
650 ## - SUBJECT ADDED ENTRY--TOPICAL TERM
Topical term or geographic name entry element WHARF PROPERTIES LTD V ERIC CUMINE ASSOCIATES
650 ## - SUBJECT ADDED ENTRY--TOPICAL TERM
Topical term or geographic name entry element MERTON LBC V STANLEY HUGH LEACH
650 ## - SUBJECT ADDED ENTRY--TOPICAL TERM
Topical term or geographic name entry element CROSBY V PORTLAND UDC
650 ## - SUBJECT ADDED ENTRY--TOPICAL TERM
Topical term or geographic name entry element BUILT ENVIRONMENT-BUILDING CONTRACT FORMS
690 ## - LOCAL SUBJECT ADDED ENTRY--TOPICAL TERM (OCLC, RLIN)
Topical term or geographic name as entry element BUILT ENVIRONMENT
942 ## - ADDED ENTRY ELEMENTS (KOHA)
Suppress in OPAC 0
Holdings
Withdrawn status Lost status Source of classification or shelving scheme Damaged status Not for loan Home library Current library Shelving location Date acquired Total Checkouts Full call number Barcode Date last seen Copy number Price effective from Koha item type
    Dewey Decimal Classification     London London Journal article 01/11/2001   ABS64619 115441-1001 06/08/2019 1 06/08/2019 Journal article